000 00698nam a2200241Ia 4500
003 OSt
005 20220927105640.0
006 a|||||r|||| 00| 0
007 ta
008 220926b |||||||| |||| 00| 0 eng d
024 _a187533
037 _cReference Collections
040 _aRTL
_cRTL
_beng
041 _2eng
_aeng
082 _a"V1N45,93:3.N49, H9/UN"
110 _aUNITED NATIONS
245 0 _a"Official records of the third session of the general assembly,Part II,1949"
260 _aNew
_bYork UN
_c1949
300 _a"xix,466p"
_ccm.
700 _aUNITED NATIONS
942 _h"V1N45,93:3.N49, H9/UN"
_cCC
999 _c693631
_d693631